| 000 | 01103nam a2200313 i 4500 | ||
|---|---|---|---|
| 001 | 15328 | ||
| 003 | ES-MaACL | ||
| 005 | 20260115063022.0 | ||
| 007 | t| | ||
| 008 | 000214s1999 sp ||||0| spa j | ||
| 020 | _a84-264-1252-1 | ||
| 040 |
_aM-BN _bspa _cM-BN |
||
| 080 | _a929 Arendt, Hannah | ||
| 080 | _a929 McCarthy, Mary | ||
| 100 | 1 |
_aArendt, Hannah, _d1906-1975 _9242687 |
|
| 245 | 1 | 0 |
_aEntre amigas _b: correspondencia entre Hannah Ardent y Mary McCarthy, 1949-1975 / _cedición, introducción y prólogo de Carol Brightman ; traducción de Ana María Becciu. |
| 250 | _a1ª ed. | ||
| 260 |
_aBarcelona : _bLumen, _c1999. |
||
| 300 |
_a460 p. ; _c23 cm. |
||
| 490 | 1 |
_aPalabra en el tiempo ; _v252 |
|
| 600 | 1 | 4 |
_aArendt, Hannah, _d1906-1975- _vCorrespondencia _9239258 |
| 600 | 1 | 4 |
_aMcCarthy, Mary- _vCorrespondencia. _979528 |
| 700 | 1 |
_aMcCarthy, Mary. _979527 |
|
| 700 | 1 |
_aBrightman, Carol. _931726 |
|
| 700 | 1 |
_aBecciu, Ana María. _926872 |
|
| 830 | 0 |
_aPalabra en el tiempo ; _v252 _9177857 |
|
| 852 |
_aES-MaACL _jL-22633 _bR.127926 |
||
| 999 |
_c15328 _d15328 |
||